Organometallic chemistry (Record no. 114033)

MARC details
000 -LEADER
fixed length control field 00507 a2200169 4500
005 - DATE AND TIME OF LATEST TRANSACTION
control field 20250602115420.0
008 - FIXED-LENGTH DATA ELEMENTS--GENERAL INFORMATION
fixed length control field 250319b |||||||| |||| 00| 0 eng d
020 ## - INTERNATIONAL STANDARD BOOK NUMBER
International Standard Book Number 9783110695267
080 ## - UNIVERSAL DECIMAL CLASSIFICATION NUMBER
Universal Decimal Classification number 547.1'13
Item number HAI/O
100 ## - MAIN ENTRY--PERSONAL NAME
Personal name Haiduc,Ionel
245 ## - TITLE STATEMENT
Title Organometallic chemistry
Remainder of title : fundamentals and applications of organometallic compounds
250 ## - EDITION STATEMENT
Edition statement 2nd ed.
260 ## - PUBLICATION, DISTRIBUTION, ETC. (IMPRINT)
Name of publisher, distributor, etc De Gruyter
Place of publication, distribution, etc Berlin.
Date of publication, distribution, etc 2022.
300 ## - PHYSICAL DESCRIPTION
Extent 429p.
653 ## - INDEX TERM--UNCONTROLLED
Uncontrolled term Organometallic Molecules-Organometallic Chemistry
942 ## - ADDED ENTRY ELEMENTS (KOHA)
item type Under processing
Holdings
Lost status Source of classification or shelving scheme Not for loan Home library Current library Date acquired Cost, normal purchase price Total Checkouts Full call number Barcode Date last seen Cost, replacement price Price effective from Koha item type
  Universal Decimal Classification   University Library University Library 30/12/2024 7984.60   547.1'13 HAI/O 00096362 30/12/2024 9980.75 30/12/2024 Books
University Library, CUSAT